<?xml version="1.0" encoding="UTF-8"?>
<collection xmlns="http://www.loc.gov/MARC21/slim">
<record>
  <controlfield tag="001">142765</controlfield>
  <controlfield tag="005">20240827155744.0</controlfield>
  <datafield tag="037" ind1=" " ind2=" ">
    <subfield code="a">GDOC-2022-30061</subfield>
  </datafield>
  <datafield tag="970" ind1=" " ind2=" ">
    <subfield code="a">GDOC-2022-30061</subfield>
  </datafield>
  <datafield tag="041" ind1=" " ind2=" ">
    <subfield code="a">spa</subfield>
  </datafield>
  <datafield tag="041" ind1=" " ind2=" ">
    <subfield code="a">eng</subfield>
  </datafield>
  <datafield tag="540" ind1=" " ind2=" ">
    <subfield code="a">by-nc-sa</subfield>
    <subfield code="b">Creative Commons</subfield>
    <subfield code="c">3.0</subfield>
    <subfield code="u">http://creativecommons.org/licenses/by-nc-sa/3.0/</subfield>
  </datafield>
  <datafield tag="260" ind1=" " ind2=" ">
    <subfield code="a">Zaragoza</subfield>
    <subfield code="b">Universidad de Zaragoza</subfield>
    <subfield code="c">2022-2023</subfield>
  </datafield>
  <datafield tag="245" ind1="0" ind2="0">
    <subfield code="9">30061</subfield>
    <subfield code="a">Prácticas externas 6</subfield>
  </datafield>
  <datafield tag="242" ind1="0" ind2="0">
    <subfield code="9">30061</subfield>
    <subfield code="a">Internships 6</subfield>
  </datafield>
  <datafield tag="100" ind1=" " ind2=" ">
    <subfield code="0">(orcid)0000-0001-7207-5536</subfield>
    <subfield code="a">Jesús Acero, Acero</subfield>
    <subfield code="1">144562</subfield>
  </datafield>
  <datafield tag="700" ind1=" " ind2=" ">
    <subfield code="0">(orcid)0000-0003-4839-0610</subfield>
    <subfield code="a">José Antonio Albajez, García</subfield>
    <subfield code="1">183026</subfield>
  </datafield>
  <datafield tag="700" ind1=" " ind2=" ">
    <subfield code="0">(orcid)0000-0003-2813-1240</subfield>
    <subfield code="a">José Luis Bernal, Agustín</subfield>
    <subfield code="1">139542</subfield>
  </datafield>
  <datafield tag="700" ind1=" " ind2=" ">
    <subfield code="0">(orcid)0000-0001-9713-1813</subfield>
    <subfield code="a">María Begoña Calvo, Calzada</subfield>
    <subfield code="1">106398</subfield>
  </datafield>
  <datafield tag="700" ind1=" " ind2=" ">
    <subfield code="0">(orcid)0000-0001-6665-5331</subfield>
    <subfield code="a">Cristóbal Cortés, Gracia</subfield>
    <subfield code="1">121519</subfield>
  </datafield>
  <datafield tag="700" ind1=" " ind2=" ">
    <subfield code="0">(orcid)0000-0002-6086-9731</subfield>
    <subfield code="a">José María Franco, García</subfield>
    <subfield code="1">119385</subfield>
  </datafield>
  <datafield tag="700" ind1=" " ind2=" ">
    <subfield code="0">(orcid)0000-0002-3945-2595</subfield>
    <subfield code="a">Ana Cristina Majarena, Bello</subfield>
    <subfield code="1">310120</subfield>
  </datafield>
  <datafield tag="700" ind1=" " ind2=" ">
    <subfield code="0">(orcid)0000-0003-1238-8746</subfield>
    <subfield code="a">Amaya Martínez, Gracia</subfield>
    <subfield code="1">417816</subfield>
  </datafield>
  <datafield tag="700" ind1=" " ind2=" ">
    <subfield code="0">(orcid)0000-0001-5518-4183</subfield>
    <subfield code="a">Luis Gonzaga Navarro, Elola</subfield>
    <subfield code="1">360330</subfield>
  </datafield>
  <datafield tag="700" ind1=" " ind2=" ">
    <subfield code="0">(orcid)0000-0001-8751-0983</subfield>
    <subfield code="a">Alodia Orera, Utrilla</subfield>
    <subfield code="1">444786</subfield>
  </datafield>
  <datafield tag="700" ind1=" " ind2=" ">
    <subfield code="0">(orcid)0000-0002-6516-7755</subfield>
    <subfield code="a">Jesús Pastor, Tejedor</subfield>
    <subfield code="1">316596</subfield>
  </datafield>
  <datafield tag="700" ind1=" " ind2=" ">
    <subfield code="0">(orcid)0000-0001-6783-0488</subfield>
    <subfield code="a">Emilio Julián Royo, Vázquez</subfield>
    <subfield code="1">320867</subfield>
  </datafield>
  <datafield tag="700" ind1=" " ind2=" ">
    <subfield code="0">(orcid)0000-0001-7316-0003</subfield>
    <subfield code="a">Jorge Santolaria, Mazo</subfield>
    <subfield code="1">184549</subfield>
  </datafield>
  <datafield tag="700" ind1=" " ind2=" ">
    <subfield code="0">(orcid)0000-0002-5161-7209</subfield>
    <subfield code="a">Luis María Serra, de Renobales</subfield>
    <subfield code="1">367200</subfield>
  </datafield>
  <datafield tag="830" ind1=" " ind2=" ">
    <subfield code="9">436</subfield>
  </datafield>
  <datafield tag="856" ind1="4" ind2=" ">
    <subfield code="s">11816</subfield>
    <subfield code="u">http://zaguan.unizar.es/record/142765/files/guia-30061-en.pdf</subfield>
    <subfield code="y">Guide (english)</subfield>
  </datafield>
  <datafield tag="856" ind1="4" ind2=" ">
    <subfield code="s">24819</subfield>
    <subfield code="u">http://zaguan.unizar.es/record/142765/files/guia-30061-es.pdf</subfield>
    <subfield code="y">Guía (idioma español)</subfield>
  </datafield>
  <datafield tag="521" ind1=" " ind2=" ">
    <subfield code="9">144</subfield>
    <subfield code="a">Graduado en Ingeniería de Tecnologías Industriales</subfield>
    <subfield code="b">Bachelor's Degree in Industrial Engineering Technology</subfield>
  </datafield>
  <datafield tag="980" ind1=" " ind2=" ">
    <subfield code="a">GDOC</subfield>
    <subfield code="b">Engineering and Architecture</subfield>
    <subfield code="b">Ingeniería y Arquitectura</subfield>
    <subfield code="c">110</subfield>
  </datafield>
</record>
</collection>